LEADER 02432nam0 2200349 450 001 000009910 005 20090317122439.0 012 $ae.e; ees, te0, vaso (3) 1813 (A)$2fei$5UNIPARTHENOPE 100 $a20080415d1813----km-y0itay50------ba 101 0 $afre 102 $aFR 140 $a---------ba------yyyb-0000-- 141 $abf-u0bb-$5UNIPARTHENOPE-------------------------------------------------------------- 200 1 $aThéorie des fonctions analytiques, contenant les Principes du calcul differentiel, degages de toute consideration d'infiniment petits, d'evanouissans, de limites et de fluxions, et reduits a l'analyse algebrique des quantites finies. Par J.L. Lagrange ... 205 $aNouvelle edition, revue et augmentee par l'auteur 210 $aParis$bquai des Augustins, n° 57$cMme Ve Courcier, imprimeur-libraire pour les mathematiques$d1813 215 $aXII, 383, [5] p.$d4° 300 $aOcchietto 300 $aCatalogo dello stampatore in fine 307 $aSegnatura: [pigreco]6 1-48/4 [chi]2 316 $aLegatura in quarto di pelle su piatti di cartone ricoperti di c. dec. (27x21x3 cm); dorso con titolo impresso in oro; ivi, inoltre, etichette con antiche segnature, etichetta con l'attuale coll. a coprire coll. del Regio Istituto Superiore Navale; imbrunimento di alcune carte; foxing$5UNIPARTHENOPE 317 $aSulla controguardia anteriore antiche segnature mss.: 2°-C [n.i.]; 118 f [n.i.]; Classe VII N.° 160 Ingresso N.° 1851 del Registro inventario della Regia Marina Biblioteca dipartimentale di Napoli; sul r. della c. di g. ant.: parz. ripetuti, a matita, dati del Registro ...; timbro A della Reale Biblioteca di Marina: front., [pigreco]4r; timbro B della stessa: [pigreco]3r, 1/1r, 3/1r, 48/3v, [chi]3v$5UNIPARTHENOPE 620 $aFrancia$dParigi 676 $a515$v21$9Analisi matematica 700 1$aLagrange,$bJoseph Louis$010185 712 02$aCourcier,$bLouis$c$4610 712 02$aDue Sicilie : Ministero della guerra e della marina$4390 801 0$aIT$bUNIPARTHENOPE$c20080415$gRICA$2UNIMARC 912 $a000009910 951 $aBORB-E-35$b3996$cFB$d2008 996 $aThéorie des fonctions analytiques, contenant les Principes du calcul differentiel, degages de toute consideration d'infiniment petits, d'evanouissans, de limites et de fluxions, et reduits a l'analyse algebrique des quantites finies. Par J.L. Lagrange ..$91205076 997 $aUNIPARTHENOPE LEADER 02094nam--2200493---450- 001 990000718580203316 005 20150421150547.0 010 $a88-14-05628-5 035 $a0071858 035 $aUSA010071858 035 $a(ALEPH)000071858USA01 035 $a0071858 100 $a20011105d1996----km-y0itay0103----ba 101 $aita 102 $aIT 105 $a||||||||001yy 200 1 $a<> governo dei giudici e la lotta contro la legislazione sociale negli Stati Uniti$el'esperienza americana del controllo giudiziario della costituzionalità delle leggi$fEdouard lambert$ga cura di Roberto D'Orazio$gprefazione di Giustino D'Orazio$g[traduzione di Roberto D'Orazio e Fabrizio Megale] 210 $aMilano$cGiuffré$d1996 215 $aXX, 247 p.$d21 cm 225 2 $aCiviltà del diritto$v58 312 $a<> gouvernement des juges et la lutte contre la legislation sociale aux Etats-Unis 410 $12001$aCiviltà del diritto$v58 454 1$12001$a<> gouvernement des juges et la lutte contre la legislation sociale aux Etats-Unis$937418 606 0 $aLegge$xCostituzionalità$xControllo$yStati Uniti d'America 606 0 $aStati Uniti d'America$xCorte suprema$xSentenze 676 $a342.73 700 1$aLAMBERT,$bEdouard$0426718 702 1$aD'ORAZIO,$bRoberto 702 1$aD'ORAZIO,$bGiustino 801 0$aIT$bsalbc$gISBD 912 $a990000718580203316 951 $aXXX.A. Coll. 38/ 54 (COLL BL 58)$b10541 G$cXXX.A. Coll. 38/ 54 (COLL BL)$d00248570 951 $aXXX.A. Coll. 38/ 54 a (COLL BL 58)$b20078 G$cXXX.A. Coll. 38/ 54 a (COLL BL)$d00248572 959 $aBK 969 $aGIU 979 $aPATTY$b90$c20011105$lUSA01$h1715 979 $c20020403$lUSA01$h1720 979 $aPATRY$b90$c20040406$lUSA01$h1649 979 $aRSIAV3$b90$c20091207$lUSA01$h1050 979 $aRSIAV3$b90$c20091207$lUSA01$h1052 979 $aRSIAV3$b90$c20091207$lUSA01$h1053 979 $aPATRY$b90$c20150421$lUSA01$h1505 996 $aGouvernement des juges et la lutte contre la legislation sociale aux Etats-Unis$937418 997 $aUNISA